[Event "Paris Elo (Women)"]
[Site "Paris"]
[Date "1989.??.??"]
[Round "?"]
[White "Csonkics, Tunde"]
[Black "Duquesne, L."]
[Result "1-0"]
[WhiteElo "2290"]
[BlackElo "1610"]
[PlyCount "87"]
[EventDate "1989.??.??"]
[EventType "swiss"]
[EventRounds "9"]
[EventCountry "FRA"]
[SourceTitle "TD"]
[Source "ChessBase"]
[SourceDate "1994.03.01"]
[SourceVersion "1"]
[SourceVersionDate "1994.03.01"]
[SourceQuality "1"]

1. d4 Nf6 2. Nf3 g6 3. c4 Bg7 4. Nc3 0-0 5. e4 d6 6. Be2 Nbd7 7. 0-0 c5 8. d5 Ng4 9. h3 Nge5 10. Bf4 Nxf3+ 11. Bxf3 Ne5 12. Be2 a6 13. a4 Qb6 14. a5 Qxb2 15. Bd2 Nxc4 16. Ra2 Qb4 17. Bxc4 Qxc4 18. Re1 Qd4 19. Na4 Bd7 20. Nb6 Rad8 21. Qc2 Qf6 22. Ra3 e6 23. e5 Qe7 24. f4 dxe5 25. fxe5 exd5 26. Nxd5 Qe6 27. Qxc5 Bc6 28. Nf4 Qf5 29. Bc1 h5 30. Ra2 Rfe8 31. Rae2 Bh6 32. Qb4 Bf8 33. Qc3 Bb5 34. Re4 Rc8 35. Qb2 Bg7 36. Nd5 Bc6 37. Rf4 Qe6 38. Nf6+ Bxf6 39. Rxf6 Qd5 40. Qf2 Rc7 41. e6 Rxe6 42. Rexe6 fxe6 43. Rf8+ Kg7 44. Qf6+ 1-0

[Event "Paris Elo (Women)"]
[Site "Paris"]
[Date "1989.??.??"]
[Round "?"]
[White "Duquesne, L."]
[Black "Csonkics, Tunde"]
[Result "0-1"]
[WhiteElo "1610"]
[BlackElo "2290"]
[PlyCount "38"]
[EventDate "1989.??.??"]
[EventType "swiss"]
[EventRounds "9"]
[EventCountry "FRA"]
[SourceTitle "TD"]
[Source "ChessBase"]
[SourceDate "1994.03.01"]
[SourceVersion "1"]
[SourceVersionDate "1994.03.01"]
[SourceQuality "1"]

1. d4 Nf6 2. c4 e6 3. Nc3 Bb4 4. e3 c5 5. Nge2 cxd4 6. exd4 d5 7. Qa4+ Nc6 8. a3 Be7 9. cxd5 Nxd5 10. g3 Nxc3 11. bxc3 Qd5 12. Rg1 b5 13. Qc2 Bb7 14. Bg2 Qd7 15. Kf1 Rc8 16. f3 Nxd4 17. Nxd4 Qxd4 18. Bb2 Bd5 19. Rh1 Bc4+ 0-1